000 01113nam a22003017a 4500
001 BR8300550
003 BR-BrBNA
005 20230928091605.0
007 ta
008 230509b bl.||||| |||| 00| 0 por d
040 _aBR-BrBNA
_bpor
_cBiblioteca Nacional de Agricultura
041 _a(Por)
072 _aH70
_b4020
090 _ 4020 BR8300550
100 1 _aFenilli, R.
110 1 _aEscola Superior de Agricultura Luiz de Queiroz, Piracicaba, SP (Brasil)
_0Tese (Doutor em Ciencias Biologicas)
245 1 _aCiclo biologico, morfologia e efeitos da radiacao gama (60 Co)em adultos de Palembus dermestoides (Fairmaire, 1893)(Coleoptera, Tenebrionidae)
246 1 _aLife cycle, morphology and effects of gamma radiation (60 Co)on adults of Palembus dermestoides (Fairmaire, 1893)(Coleoptera, Tenebrionidae)
260 3 _aPiracicaba, SP (Brasil):
_c1982.
300 _a93 p.
500 _a11 illus.; 35 tables; 12 ref.; Summaries (Eng, Por)
650 _aCOLEOPTERO
650 _aBIOLOGIA
650 _aRADIACAO
650 _aRAIO GAMA
909 _a202309
_bLucia
_c55
_dLucia Elande
942 _cBK
999 _c34560
_d34560